[Event "Stay Safe Play From Home 363"]
[Site "Emanuel Lasker Arena"]
[Date "2020.08.06"]
[Round "3"]
[White "Tartak"]
[Black "Timbre"]
[Result "1-0"]
[WhiteElo "1568"]
[BlackElo "1624"]
[Annotator "NA RC"]
[PlyCount "55"]
[EventDate "2020.08.06"]
[EventType "swiss (blitz)"]

1. d4 {[%emt 0:00:01]} d5 {[%emt 0:00:02]} 2. Nf3 {[%emt 0:00:01]} c6 {[%emt 0:00:01]} 3. e3 {[%emt 0:00:01]} Nf6 {[%emt 0:00:01]} 4. Bd3 {[%emt 0:00:01]} Bg4 {[%emt 0:00:02]} 5. b3 {[%emt 0:00:01]} e6 {[%emt 0:00:01]} 6. Bb2 {[%emt 0:00:01]} Bd6 {[%emt 0:00:01]} 7. Nbd2 {[%emt 0:00:01]} Nbd7 {[%emt 0:00:01]} 8. O-O {[%emt 0:00:01]} Qe7 {[%emt 0:00:01]} 9. Qe1 {[%emt 0:00:01]} Bxf3 {[%emt 0:00:01]} 10. Nxf3 {[%emt 0:00:01]} O-O {[%emt 0:00:03]} 11. Ne5 {[%emt 0:00:01]} c5 {[%emt 0:00:06]} 12. f4 {[%emt 0:00:01]} cxd4 {[%emt 0:00:01]} 13. exd4 {[%emt 0:00:01]} Rac8 {[%emt 0:00:04]} 14. Rf3 {[%emt 0:00:01]} g6 {[%emt 0:00:03]} 15. Rh3 {[%emt 0:00:01]} Kg7 {[%emt 0:00:02]} 16. Qh4 {[%emt 0:00:01]} Rh8 {[%emt 0:00:03]} 17. Qh6+ {[%emt 0:00:01]} Kg8 {[%emt 0:00:04]} 18. g4 {[%emt 0:00:01]} Bxe5 {[%emt 0:00:05]} 19. fxe5 {[%emt 0:00:07]} Ne4 {[%emt 0:00:03]} 20. Rf1 {[%emt 0:00:04]} Rf8 {[%emt 0:00:07]} 21. Rhf3 {[%emt 0:00:01]} Ng5 {[%emt 0:00:04]} 22. Rf6 {[%emt 0:00:03]} Ne4 {[%emt 0:00:12]} 23. Bxe4 {[%emt 0:00:06]} dxe4 {[%emt 0:00:02]} 24. d5 {[%emt 0:00:01]} exd5 {[%emt 0:00:04]} 25. e6 {[%emt 0:00:01]} Nxf6 {[%emt 0:00:05]} 26. Bxf6 {[%emt 0:00:01]} Qxf6 {[%emt 0:00:01]} 27. Rxf6 {[%emt 0:00:01]} fxe6 {[%emt 0:00:02]} 28. Rxf8# {[%emt 0:00:02] (Lag: Av=0.71s, max=0.9s) (Lag: Av=0.71s, max=0.9s) (Lag: Av=0.71s, max=0.9s) (Lag: Av=0.71s, max=0.9s) (Lag: Av=0.71s, max=0.9s)} 1-0

[Event "Stay Safe Play From Home 363"]
[Site "Emanuel Lasker Arena"]
[Date "2020.08.06"]
[Round "3"]
[White "James Harcourt"]
[Black "Joroger"]
[Result "0-1"]
[WhiteElo "1418"]
[BlackElo "1807"]
[Annotator "NA RC"]
[PlyCount "34"]
[EventDate "2020.08.06"]
[EventType "swiss (blitz)"]

1. e4 {[%emt 0:00:20]} c5 {[%emt 0:00:01]} 2. f4 {[%emt 0:00:00]} d6 {[%emt 0:00:02]} 3. Nf3 {[%emt 0:00:00]} e6 {[%emt 0:00:01]} 4. h4 {[%emt 0:00:00]} Nc6 {[%emt 0:00:01]} 5. Ng5 {[%emt 0:00:00]} h6 {[%emt 0:00:08]} 6. Nxf7 {[%emt 0:00:01]} Kxf7 {[%emt 0:00:03]} 7. f5 {[%emt 0:00:01]} Nf6 {[%emt 0:00:05]} 8. g4 {[%emt 0:00:03]} Qc7 {[%emt 0:00:17]} 9. g5 {[%emt 0:00:05]} hxg5 {[%emt 0:00:02]} 10. e5 {[%emt 0:00:03]} Nxe5 {[%emt 0:00:07]} 11. c3 {[%emt 0:00:03]} exf5 {[%emt 0:00:06]} 12. h5 {[%emt 0:00:02]} g4 {[%emt 0:00:04]} 13. h6 {[%emt 0:00:03]} Rxh6 {[%emt 0:00:02]} 14. d4 {[%emt 0:00:02]} Nf3+ {[%emt 0:00:04]} 15. Kf2 {[%emt 0:00:04]} Rxh1 {[%emt 0:00:02]} 16. Kg2 {[%emt 0:00:07]} Rh2+ {[%emt 0:00:03]} 17. Kg3 {[%emt 0:00:06]} Nh5# {[%emt 0:00:06] Mate Mate Mate Mate Mate} 0-1

[Event "Stay Safe Play From Home 363"]
[Site "Emanuel Lasker Arena"]
[Date "2020.08.06"]
[Round "4"]
[White "Eidgenosse"]
[Black "SelamiSahin"]
[Result "1-0"]
[WhiteElo "2203"]
[BlackElo "2156"]
[Annotator "TA"]
[PlyCount "93"]
[EventDate "2020.08.06"]
[EventType "swiss (blitz)"]

{[%evp 15,92,46,22,7,46,33,70,27,36,2,0,2,2,0,-2,-11,10,7,24,28,125,135,128,129,133,131,320,139,122,130,140,102,169,64,65,62,72,30,48,-124,-52,-133,-133,-141,-141,-141,-141,-140,-133,-133,-133,-159,0,0,0,0,540,0,61,-39,-23,-36,0,-90,0,0,29986,0,29986,29987,29987,29988,29997,29998,29998,29998,29998,29999,29999]} 1. e4 c6 2. d4 d5 3. Nc3 dxe4 4. Nxe4 Nf6 5. Nxf6+ exf6 6. c3 Bd6 7. Bd3 O-O 8. Ne2 Re8 9. O-O {B15: Caro-Kann: 3 Nc3: 3...g6 and 3...dxe4 4 Nxe4 Nf6 5 Nxf6+ exf6.} Qc7 10. Ng3 {[#]} b6 $146 ({Predecessor:} 10... Be6 11. Bd2 Nd7 12. Qf3 b5 13. Rfe1 Nf8 14. a4 Rab8 15. axb5 cxb5 16. h4 Qd7 {1-0 (52) Grigoriants,S (2542)-Shimanov,A (2587) Moscow 2019}) 11. Qh5 {White is slightly better.} g6 12. Qf3 f5 13. Bg5 Be6 14. Rae1 Nd7 15. b3 Bd5 16. Qd1 c5 17. c4 $36 {[%mdl 2048] White is pushing.} Bxg3 (17... f6 $11 {keeps the balance.}) 18. hxg3 $16 Be4 19. Bf4 Qb7 20. d5 Nf6 $2 (20... Bxd3 $16 21. Qxd3 Nf6) 21. Bg5 (21. Be2 $18) 21... Bxd3 22. Qxd3 Ne4 23. Bf4 Qd7 (23... Nf6 $16 24. Qc3 Nh5) 24. f3 ({White should try} 24. g4 $1 $18) 24... Nf6 $1 $14 25. Be5 Nh5 26. f4 Re7 27. Re2 $2 (27. Bc3 $14 {keeps the upper hand.}) 27... Rae8 ({Better is} 27... f6 $17 28. d6 Rae8) 28. Rfe1 (28. Ree1 $1 $15) 28... f6 $17 29. Bb2 {With the idea Rxe7.} Rxe2 30. Rxe2 Rxe2 31. Qxe2 Nxg3 32. Qe3 Ne4 33. g4 Kg7 $2 (33... Qe7 $17 {...h5 is the strong threat.} 34. Kh2 Qf8) 34. g5 $11 Qd6 35. gxf6+ Nxf6 $2 {[%mdl 8192] [#]} (35... Kf8 $11 {and Black is okay.}) 36. Be5 $2 (36. Qe6 $1 $18 {[%cal Re6d6]} Qxe6 37. dxe6) 36... Qd8 (36... Qe7 $11) 37. Qc3 (37. Ba1 $14 Kh6 38. Bb2) 37... Kf7 $15 38. d6 Ne4 39. Qh3 {[#]} (39. Qd3 $11 {remains equal.}) 39... h5 (39... Qg8 $1 $17 {White must now prevent ...Ke6.} 40. Qh4 g5 41. fxg5 Ke8) 40. Qd3 $11 {aiming for Qd5+.} Qh4 $2 {[%mdl 8192]} (40... Nf6 $11) 41. d7 $2 (41. Qd5+ {mates} Kf8 42. Qa8+ {[%mdl 64] Double Attack} Kf7 43. Qb7+ Ke8 44. Qc6+ Kf8 45. Qc8+ Kf7 46. Qd7+ {[%mdl 64] Double Attack} Kf8 47. Qg7+ Ke8 48. Qg8+ Kd7 49. Qf7+ Kd8 50. Qc7+ Ke8 51. d7+ Kf8 52. Qc8+ Qd8 53. Qxd8+ Kf7 54. Qe8#) 41... Qe1+ $4 {[%mdl 8192]} (41... Qf2+ $11 42. Kh1 Ng3+ 43. Qxg3 Qxg3) 42. Kg2 {White mates.} Qf2+ 43. Kh3 g5 44. Qd5+ Kg6 45. Qe6+ Kh7 46. Qf7+ {[%mdl 64] Double Attack} Kh6 47. Qg7# {Never resign too early! Accuracy: White = 50%, Black = 53%.} 1-0

[Event "Stay Safe Play From Home 363"]
[Site "Emanuel Lasker Arena"]
[Date "2020.08.06"]
[Round "4"]
[White "Hickey"]
[Black "Greblah"]
[Result "1/2-1/2"]
[WhiteElo "2057"]
[BlackElo "1894"]
[Annotator "TA"]
[PlyCount "113"]
[EventDate "2020.08.06"]
[EventType "swiss (blitz)"]

{[%evp 16,113,12,11,13,19,34,0,0,0,0,0,4,-16,9,0,0,-33,-33,-68,-31,-24,-29,-37,-22,-33,-11,-39,-29,-69,-29,-48,0,0,0,0,0,-18,-18,-19,-4,-16,22,-14,0,-15,0,0,0,-391,-403,-518,-518,-477,-316,-522,-514,-497,-489,-483,-479,-471,-471,-483,-470,-576,-568,-559,-524,-439,-408,-410,-369,-311,-281,-642,-633,-883,-883,-876,-814,-796,-718,-5727,-5727,-29999,-4318,-29995,-29976,-29978,-29978,-29978,-29978,-29978,-29979,-29977,0,0,0,0]} 1. Nf3 c6 2. c4 d5 3. b3 Nf6 4. Bb2 Bg4 5. e3 e6 6. Be2 Be7 7. O-O O-O 8. d4 Nbd7 9. Nc3 a6 {D11: Slav Defence: 3 Nf3 sidelines and 3...Nf6 4 e3 Bg4.} 10. h3 Bh5 11. Ne5 {aiming for Nxd7.} Bxe2 12. Qxe2 {[#]} Nxe5 $146 ({Predecessor:} 12... Rc8 13. Rad1 Bd6 14. f4 b5 15. c5 Bb8 16. Nb1 Qa5 17. a3 Qd8 18. Nd2 a5 {1-0 (48) Caoili,A (2170)-Skytte,T (1957) Beijing 2008}) 13. dxe5 Nd7 14. f4 f5 15. exf6 Bxf6 16. Kh1 Nc5 17. Rad1 Bxc3 (17... Qa5 $5 {[%cal Rf6c3]} 18. Rc1 Rad8 $15) 18. Bxc3 Ne4 19. Be1 Qb6 20. Kh2 a5 21. Qg4 Rae8 22. Rd4 Rf6 (22... a4 $5 23. Rd3 (23. Rxe4 dxe4 24. Bc3 Rf7 $17) 23... axb3 24. axb3 Rf7 $17) 23. Qf3 Ref8 (23... Qc5 {looks sharper.} 24. Qe2 Rf7 25. Kg1 h6 26. g4 Ra8) 24. Rxe4 dxe4 25. Qxe4 c5 26. Rf3 Qc6 $36 {[%mdl 2048] Black has good play.} 27. Qe5 b6 28. Bc3 Qd7 29. Rg3 Rg6 30. Rxg6 hxg6 $11 {[%mdl 4096] Endgame KQR-KQB} 31. Qg5 Qf7 32. e4 $2 {[%mdl 8192]} (32. g4 $11 {and White is okay.}) 32... Qxf4+ $19 {[%mdl 64] [#] Double Attack} 33. Qg3 Qxg3+ 34. Kxg3 {KR-KB} Kf7 35. Be5 $2 (35. Kf4) 35... Rd8 36. Bc7 Rd3+ 37. Kf4 Rd2 38. Bxb6 Rxa2 39. Bxc5 Rxg2 40. Bb6 Rb2 {Threatens to win with ...a4.} 41. Bxa5 Rxb3 42. h4 Rb1 43. c5 Rc1 44. Bb6 Rc4 45. Ba7 $2 (45. Ke5) 45... Kf6 46. Bb6 e5+ 47. Kf3 Ke6 48. Ba7 Rc3+ 49. Kg4 Re3 50. Kg5 Rxe4 (50... Rg3# $142) 51. Kxg6 Rxh4 52. Kxg7 Rc4 53. Kg6 Kd5 54. Kf5 e4 55. Kf4 Rxc5 $2 (55... Kd4 {mates} 56. c6+ Kd3 57. Ke5 Rxc6 58. Kf4 Rc1 59. Kf5 Ra1 60. Bb6 e3 61. Bd8 e2 62. Bh4 Rh1 63. Bg3 Rf1+ 64. Ke6 Ke4 65. Kd7 Kf3 66. Bh4 Kg4 67. Bd8 e1=Q 68. Be7 {[#]} Rf7 $1 {[%mdl 512]} 69. Kc6 Qxe7 70. Kb5 Qe5+ 71. Kc6 Rc7+ 72. Kb6 Qc5+ 73. Ka6 Ra7#) 56. Bxc5 $11 Kxc5 57. Kxe4 {Accuracy: White = 46%, Black = 73%.} 1/2-1/2

[Event "Stay Safe Play From Home 363"]
[Site "Emanuel Lasker Arena"]
[Date "2020.08.06"]
[Round "4"]
[White "Chesstiger9"]
[Black "Buzaglo"]
[Result "1-0"]
[WhiteElo "1980"]
[BlackElo "1738"]
[Annotator "TA"]
[PlyCount "91"]
[EventDate "2020.08.06"]
[EventType "swiss (blitz)"]

{[%evp 12,90,33,32,62,18,16,-3,136,22,116,77,64,86,275,257,327,319,317,279,335,326,402,397,394,335,333,330,335,292,396,400,378,372,349,337,354,336,340,357,419,419,511,356,605,565,1085,579,1057,1068,1291,1263,1852,1790,1677,1695,1807,1514,1430,1382,1329,1304,2635,2566,2429,2318,3252,3260,2285,2321,29994,29995,29995,29996,29996,29997,29997,29998,29998,29999,29999]} 1. d4 d5 2. Nf3 Nf6 3. e3 e6 4. Bd3 c5 5. c3 Nc6 6. Nbd2 c4 7. Bc2 Bd6 {D05: Colle System with ...e6.} 8. Qe2 e5 9. e4 {[#]} Bg4 $146 (9... O-O $1 $11) ({Predecessor:} 9... O-O 10. dxe5 Nxe5 11. Nxe5 Bxe5 12. h3 Re8 13. Nf3 Bf5 14. Bg5 Qb6 15. O-O-O Bxe4 {0-1 (23) Illner,G (2035)-Bauer,T (1671) Zwettl 2012}) 10. h3 (10. exd5 $16 Nxd5 11. Nxc4) 10... Bh5 (10... Bxf3 $1 $11 11. Nxf3 O-O) 11. dxe5 Nxe5 12. g4 $1 $36 {[%mdl 2048] Hoping for Nxe5. Keeping Black busy.} Nxf3+ $2 {Loses the game.} (12... Bg6 $16) 13. Nxf3 $18 {And now exd5+ would win.} Bg6 {[%cal Rf6e4]} 14. e5 {[%mdl 64] [#] Double Attack} Bxc2 15. Qxc2 ({Resist} 15. exf6+ $6 Be4 $18) 15... Qe7 16. Qe2 $1 {[%csl LRd6,LRf6]} Ne4 17. exd6 Qxd6 18. O-O O-O 19. Nd4 Rfe8 20. Qf3 Nf6 21. Bf4 Qb6 22. Bg5 Ne4 23. Bc1 a5 24. a4 Qd6 25. Bf4 Qb6 26. Nb5 Rad8 27. Rad1 Nc5 $2 (27... Rd7 28. Be3 Qc6) 28. Rxd5 Nd3 {Black hopes to continue with ...Rxd5.} 29. Rxd8 Rxd8 30. Bc7 {[%mdl 64] Double Attack} Qe6 31. Bxd8 Ne1 32. Rxe1 Qxe1+ 33. Kg2 Qe8 34. Bb6 Qd7 35. Bd4 h6 36. Qe4 b6 37. Qe5 {[%csl Gd4][%cal Re5g7]} f6 {[#]} 38. Qd6 $1 Qf7 39. Nc7 Kh7 40. Ne6 Qg6 41. Nf8+ {[%mdl 64] Double Attack. White mates.} Kg8 42. Nxg6 Kf7 43. Nf4 g5 44. Qd7+ Kf8 45. Ne6+ Kg8 46. Qg7# {Accuracy: White = 59%, Black = 25%.} 1-0

[Event "Stay Safe Play From Home 363"]
[Site "Emanuel Lasker Arena"]
[Date "2020.08.06"]
[Round "4"]
[White "Lazieri3"]
[Black "James Harcourt"]
[Result "1-0"]
[WhiteElo "1965"]
[BlackElo "1405"]
[Annotator "TA"]
[PlyCount "67"]
[EventDate "2020.08.06"]
[EventType "swiss (blitz)"]

{[%evp 9,66,74,243,177,194,178,328,300,420,332,475,276,526,530,518,241,268,193,1766,1724,1761,1746,1882,1826,1971,1970,2096,1962,2058,1945,2583,2509,2925,2692,3060,2594,2746,2702,2615,2758,2443,2155,29987,29988,29991,29992,29992,29993,29994,29994,29995,29995,29995,29995,29999,29997,29997,29997,29999]} 1. e4 e5 2. Nc3 Nf6 3. Nf3 Bc5 4. Bc4 Ng4 5. O-O Nxf2 $2 (5... d6 $16) 6. Rxf2 {C27: Vienna Game: 2...Nf6 3 Bc4 Nxe4.} Bxf2+ 7. Kxf2 {[#]} a6 $146 (7... Nc6 $142 8. d4 exd4) ({Predecessor:} 7... O-O 8. d4 exd4 9. Nxd4 Qf6+ 10. Kg1 c5 11. Ndb5 a6 12. Nc7 b5 13. Nxa8 bxc4 14. Nc7 Qc6 15. N7d5 Re8 16. Qh5 g6 17. Qh6 d6 18. Nf6+ Kh8 19. Qxh7# {1-0 (19) Rissmann,K (1620)-Scholze,K (1331) Playchess.com INT 2020}) 8. d3 {[#] Threatens to win with Bg5.White has a decisive advantage.} b5 9. Bb3 {Strongly threatening Bg5.} c5 (9... d6 $142 10. d4 exd4 11. Qxd4 O-O) 10. Nd5 (10. Bg5 $142 Qb6 11. Nd5) 10... Nc6 $2 (10... d6 {might work better.} 11. a4 b4) 11. Bg5 f6 12. Bh4 (12. Nh4 $142 h5 13. Ng6) 12... Bb7 13. Qd2 Qc7 $2 (13... Na5 14. Qc3 c4) 14. Nxc7+ $18 Ke7 15. Nxa8 Rxa8 16. Bd5 Rb8 17. c3 g5 18. Bg3 h5 19. h3 g4 20. hxg4 hxg4 21. Nh4 Rh8 22. Nf5+ Kd8 23. Nd6 Kc7 24. Nxb7 Kxb7 25. Bxc6+ Kxc6 26. d4 {White mates.} c4 27. dxe5 fxe5 28. Qd5+ Kc7 29. Bxe5+ Kd8 30. Bxh8 b4 31. Bf6+ Ke8 {[#]} 32. Qd6 $1 {[%csl Gf6][%cal Rd6e7]} g3+ 33. Kxg3 {[%csl Gf6][%cal Rd6e7]} bxc3 34. Qe7# {Black got outplayed after the opening. Accuracy: White = 13%, Black =  4%.} 1-0

[Event "Stay Safe Play From Home 363"]
[Site "Emanuel Lasker Arena"]
[Date "2020.08.06"]
[Round "4"]
[White "Joroger"]
[Black "Padmaesh M K"]
[Result "1-0"]
[WhiteElo "1811"]
[BlackElo "1821"]
[Annotator "NA RC"]
[PlyCount "79"]
[EventDate "2020.08.06"]
[EventType "swiss (blitz)"]

1. d4 {[%emt 0:00:02]} Nf6 {[%emt 0:00:03]} 2. c4 {[%emt 0:00:00]} g6 {[%emt 0:00:03]} 3. Nc3 {[%emt 0:00:01]} Bg7 {[%emt 0:00:01]} 4. e4 {[%emt 0:00:01]} d6 {[%emt 0:00:01]} 5. f3 {[%emt 0:00:00]} c5 {[%emt 0:00:06]} 6. Be3 {[%emt 0:00:01]} cxd4 {[%emt 0:00:02]} 7. Bxd4 {[%emt 0:00:01]} Nc6 {[%emt 0:00:02]} 8. Be3 {[%emt 0:00:01]} O-O {[%emt 0:00:02]} 9. Nge2 {[%emt 0:00:00]} Nd7 {[%emt 0:00:09]} 10. Nd4 {[%emt 0:00:02]} Nb6 {[%emt 0:00:03]} 11. Be2 {[%emt 0:00:02]} f5 {[%emt 0:00:07]} 12. O-O {[%emt 0:00:11]} f4 {[%emt 0:00:05]} 13. Bf2 {[%emt 0:00:02]} Bd7 {[%emt 0:00:10]} 14. Rc1 {[%emt 0:00:05]} Ne5 {[%emt 0:00:05]} 15. b3 {[%emt 0:00:03]} Rc8 {[%emt 0:00:17]} 16. Qd2 {[%emt 0:00:02]} g5 {[%emt 0:00:30]} 17. h3 {[%emt 0:00:14]} h5 {[%emt 0:00:03]} 18. Nf5 {[%emt 0:00:12]} Bxf5 {[%emt 0:00:11]} 19. exf5 {[%emt 0:00:00]} Rxf5 {[%emt 0:00:02]} 20. Nd5 {[%emt 0:00:04]} Ned7 {[%emt 0:00:22]} 21. Bd3 {[%emt 0:00:11]} Rf8 {[%emt 0:00:02]} 22. Bb1 {[%emt 0:00:03]} e6 {[%emt 0:00:06]} 23. Qd3 {[%emt 0:00:18]} Nf6 {[%emt 0:00:17]} 24. Nxf6+ {[%emt 0:00:03]} Rxf6 {[%emt 0:00:00]} 25. Qh7+ {[%emt 0:00:13]} Kf8 {[%emt 0:00:01]} 26. Qxh5 {[%emt 0:00:03]} Rh6 {[%emt 0:00:01]} 27. Qg4 {[%emt 0:00:01]} Qf6 {[%emt 0:00:02]} 28. Rfe1 {[%emt 0:00:07]} Re8 {[%emt 0:00:01]} 29. Re2 {[%emt 0:00:06]} Rh4 {[%emt 0:00:01]} 30. Bxh4 {[%emt 0:00:01]} gxh4 {[%emt 0:00:00]} 31. Rd1 {[%emt 0:00:05]} d5 {[%emt 0:00:01]} 32. Bg6 {[%emt 0:00:10]} Re7 {[%emt 0:00:02]} 33. c5 {[%emt 0:00:11]} Nd7 {[%emt 0:00:01]} 34. b4 {[%emt 0:00:02]} Ne5 {[%emt 0:00:00]} 35. Rxe5 {[%emt 0:00:04]} Qxe5 {[%emt 0:00:01]} 36. Qxh4 {[%emt 0:00:02]} Qe3+ {[%emt 0:00:00]} 37. Kh1 {[%emt 0:00:01]} Qe5 {[%emt 0:00:01]} 38. Qg4 {[%emt 0:00:01]} Qf6 {[%emt 0:00:02]} 39. Bh5 {[%emt 0:00:02]} d4 {[%emt 0:00:00]} 40. Qg6 {[%emt 0:00:01] Time Time Time Time Time} 1-0

[Event "Stay Safe Play From Home 363"]
[Site "Emanuel Lasker Arena"]
[Date "2020.08.06"]
[Round "4"]
[White "Klasman"]
[Black "Haris kollari 13"]
[Result "0-1"]
[WhiteElo "1524"]
[BlackElo "1811"]
[Annotator "NA RC"]
[PlyCount "42"]
[EventDate "2020.08.06"]
[EventType "swiss (blitz)"]

1. f4 {[%emt 0:00:02]} e6 {[%emt 0:00:00]} 2. c4 {[%emt 0:00:02]} d5 {[%emt 0:00:00]} 3. cxd5 {[%emt 0:00:01]} exd5 {[%emt 0:00:01]} 4. d4 {[%emt 0:00:01]} c6 {[%emt 0:00:01]} 5. Nf3 {[%emt 0:00:01]} Bd6 {[%emt 0:00:01]} 6. e3 {[%emt 0:00:02]} f5 {[%emt 0:00:01]} 7. Bd3 {[%emt 0:00:03]} Nf6 {[%emt 0:00:01]} 8. Qc2 {[%emt 0:00:05]} Ne4 {[%emt 0:00:01]} 9. O-O {[%emt 0:00:04]} O-O {[%emt 0:00:01]} 10. Ne5 {[%emt 0:00:02]} Be6 {[%emt 0:00:01]} 11. Nc3 {[%emt 0:00:04]} Nd7 {[%emt 0:00:01]} 12. Bxe4 {[%emt 0:00:02]} fxe4 {[%emt 0:00:02]} 13. Bd2 {[%emt 0:00:06]} Rc8 {[%emt 0:00:02]} 14. Qb3 {[%emt 0:00:05]} b5 {[%emt 0:00:02]} 15. Nxe4 {[%emt 0:00:04]} Bxe5 {[%emt 0:00:04]} 16. fxe5 {[%emt 0:00:06]} dxe4 {[%emt 0:00:11]} 17. Qxe6+ {[%emt 0:00:02]} Kh8 {[%emt 0:00:01]} 18. Bb4 {[%emt 0:00:10]} Rxf1+ {[%emt 0:00:07]} 19. Rxf1 {[%emt 0:00:03]} Nb6 {[%emt 0:00:00]} 20. Ba3 {[%emt 0:00:10]} Qd5 {[%emt 0:00:09]} 21. Rf7 {[%emt 0:00:00]} Qxe6 {[%emt 0:00:01] Klasman resigns Klasman resigns Klasman resigns Klasman resigns Klasman resigns (Lag: Av=0.46s, max=0.5s) (Lag: Av=0.46s, max=0.5s) (Lag: Av=0.46s, max=0.5s) (Lag: Av=0.46s, max=0.5s) (Lag: Av=0.46s, max=0.5s)} 0-1

[Event "Stay Safe Play From Home 363"]
[Site "Emanuel Lasker Arena"]
[Date "2020.08.06"]
[Round "5"]
[White "SelamiSahin"]
[Black "Joroger"]
[Result "1-0"]
[WhiteElo "2141"]
[BlackElo "1828"]
[Annotator "TA"]
[PlyCount "65"]
[EventDate "2020.08.06"]
[EventType "swiss (blitz)"]

{[%evp 26,65,-15,-14,-8,-2,-5,-10,-2,0,0,-12,-6,-8,0,-11,25,11,60,45,48,19,20,20,30,20,66,75,66,68,885,881,866,852,806,797,2124,2110,2374,2308,1518,1368]} 1. d4 d5 2. c4 c6 3. Nc3 Nf6 4. Nf3 e6 5. Bg5 Be7 6. e3 Nbd7 7. Bd3 dxc4 8. Bxc4 b5 9. Bd3 a6 10. O-O c5 11. Ne5 Bb7 12. Bc2 cxd4 13. exd4 O-O {[#]} 14. Qd3 $146 {[#] Threatens to win with Nxd7.} ({Predecessor:} 14. a3 Re8 15. Re1 Nf8 16. Qd2 Qd6 17. Rad1 Rad8 18. Qf4 Ng6 19. Qg3 Qb6 20. Qh3 Rxd4 21. Rxd4 Qxd4 22. Nxf7 Kxf7 23. Qxe6+ {1-0 (55) Norri,J (2418)-Pinheiro,J (2339) Leon 2001}) 14... Nxe5 {E54: Nimzo-Indian: Rubinstein: Main Line: 7...dxc4 8 Bxc4.} 15. dxe5 {Qh3 is the strong threat.} Qxd3 16. Bxd3 Nd5 {The position is equal.} 17. Bxe7 Nxe7 18. Ne4 Bxe4 19. Bxe4 Rad8 20. Rfd1 Nd5 21. Bxd5 Rxd5 22. Rxd5 exd5 $11 {[%mdl 4096] Endgame KR-KR} 23. Rd1 Rd8 24. f4 Kf8 25. Kf2 Ke7 26. Rc1 f6 27. Rc7+ Rd7 $2 {[%mdl 8192] Loses the game.} (27... Ke6 $14) 28. exf6+ $18 {White is clearly winning.} gxf6 {[#]} 29. Rxd7+ $1 Kxd7 30. g4 Kd6 31. b4 d4 32. Ke2 Kd5 33. Kd3 {Accuracy: White = 92%, Black = 43%.} 1-0

[Event "Stay Safe Play From Home 363"]
[Site "Emanuel Lasker Arena"]
[Date "2020.08.06"]
[Round "5"]
[White "Chesstiger9"]
[Black "Hickey"]
[Result "0-1"]
[WhiteElo "1987"]
[BlackElo "2049"]
[Annotator "TA"]
[PlyCount "78"]
[EventDate "2020.08.06"]
[EventType "swiss (blitz)"]

{[%evp 9,78,0,16,9,26,22,46,-14,-15,-12,-9,-63,-60,-61,-47,-68,-72,-87,-50,-53,-53,-79,-85,-90,-79,-85,-89,-95,-77,-87,-64,-61,-57,-57,-39,-37,-34,-34,-38,-88,-74,-67,-29,-29,-29,-29,-38,-76,-68,-75,-29,-41,-10,-494,-489,-626,-525,-428,-140,-558,-558,-506,-411,-1943,-2024,-2289,-2329,-1905,-1830,-2064,-1608]} 1. d4 Nf6 2. Nf3 b6 3. e3 Bb7 4. Bd3 e6 5. Nbd2 Be7 6. e4 {A47: 1 d4 Nf6 2 Nf3 b6: Torre, London and Colle Systems.} d6 7. Qe2 Nbd7 {[#]} 8. e5 $146 ({White should play} 8. O-O $14) ({Predecessor:} 8. b3 O-O 9. Bb2 c5 10. e5 dxe5 11. dxe5 Nd5 12. Be4 Nf4 13. Qf1 Bxe4 14. Nxe4 {0-1 (46) Grigorian,S (1082)-Wernke Schmiesing,S (1475) Verden 2010}) 8... Nd5 $11 9. Ne4 Nb4 10. h4 (10. Bb5 $11) 10... Nxd3+ 11. Qxd3 h6 12. Rh3 dxe5 13. dxe5 Nc5 14. Nxc5 Bxc5 15. Qxd8+ Rxd8 16. c3 O-O 17. Rg3 Kh7 18. Be3 Bxe3 19. fxe3 c5 20. Rd1 Be4 21. Rd2 Rfe8 22. Rg4 Bc6 23. Rf4 Kg8 24. b4 cxb4 (24... Rxd2 {is more complex.} 25. Kxd2 Rd8+ 26. Ke2 Bb5+ 27. c4 Ba4) 25. cxb4 Bxf3 26. gxf3 Rxd2 27. Kxd2 $17 {[%mdl 4096] Endgame KR-KR} Rd8+ 28. Kc2 Rd5 29. Re4 g5 30. hxg5 hxg5 31. f4 $2 {[%mdl 8192]} (31. Kc3 $11 {and White has nothing to worry.}) 31... g4 $19 {[#] And now ...g3 would win.} 32. Kb2 Kg7 33. Rc4 Kg6 $2 (33... Rd2+ $19 {has better winning chances.} 34. Kb3 Rd3+ 35. Kc2 Rxe3) 34. Rc2 $2 {[%mdl 8192] Loses the game.} (34. Rc8 $17 {was the crucial defense.}) 34... Kf5 35. Rg2 Rd3 36. e4+ (36. Rg3 $142 Rd2+ 37. Kc3 Rxa2 38. Kd4) 36... Kxf4 {Black is clearly winning.} 37. Rf2+ Rf3 38. Rd2 g3 39. Rd7 Kxe5 {Accuracy: White = 56%, Black = 74%.} 0-1